000
00303nam a22001337a 4500
008
190305b xxu||||| |||| 00| 0 eng d
020
_a
9788518904189
041
_a
eng
080
_2
10th
_a
371
100
_a
46
101
_a
EDU
245
_a
Foundations of Education
_c
Ornstein,A.C
942
_2
udc
_c
BK
999
_c
54583
_d
54583